Picture Me! Quiz Stats

 Plays Quiz Updated Jul 31, 2018

Score 0/117 Timer 02:00
5 Plays Today
% Correct
Paris
99.4%
Paris
99.4%
Paris
99.4%
Paris
99.4%
Paris
99.4%
Paris
99.4%
Paris
99.4%
Paris
99.4%
Paris
99.4%
Paris
99.4%
Paris
99.4%
Paris
99.4%
Glove
98.3%
Glove
98.3%
Glove
98.3%
Glove
98.3%
Glove
98.3%
Glove
98.3%
Glove
98.3%
Black or White
97.7%
Black or White
97.7%
Black or White
97.7%
Black or White
97.7%
Black or White
97.7%
Pepsi
94.6%
Pepsi
94.6%
Pepsi
94.6%
Pepsi
94.6%
Pepsi
94.6%
Pepsi
94.6%
Pepsi
94.6%
Pepsi
94.6%
Pepsi
94.6%
Pepsi
94.6%
Pepsi
94.6%
Pepsi
94.6%
Pepsi
94.6%
Neverland
94.4%
Neverland
94.4%
% Correct
Neverland
94.4%
Neverland
94.4%
Neverland
94.4%
Neverland
94.4%
Neverland
94.4%
Five
92.8%
Five
92.8%
Five
92.8%
Five
92.8%
Five
92.8%
Five
92.8%
Five
92.8%
Five
92.8%
Scream
90.9%
Scream
90.8%
Scream
90.8%
Scream
90.8%
Scream
90.8%
Ben
87.3%
Ben
87.3%
Ben
87.3%
Ben
87.3%
Ben
87.3%
Thriller
87.1%
Thriller
87.1%
Thriller
87.1%
Thriller
87.1%
Thriller
87.1%
Thriller
87.1%
Thriller
87.1%
Thriller
87.1%
Thriller
87.1%
Thriller
87.1%
Thriller
87.1%
Thriller
87.1%
Thriller
87.1%
Thriller
87.1%
Thriller
87.1%
Thriller
87.1%
% Correct
Thriller
87.1%
Thriller
87.1%
Thriller
87.1%
Thriller
87.1%
Thriller
87.1%
Thriller
87.1%
Thriller
87.1%
Thriller
87.1%
Thriller
87.1%
Thriller
87.1%
Thriller
87.1%
Thriller
87.1%
Thriller
87.1%
Thriller
87.1%
Thriller
87.1%
Thriller
87.1%
Thriller
87.1%
Thriller
87.1%
Thriller
87.1%
Thriller
87.1%
Thriller
87.1%
Thriller
87.1%
Thriller
87.1%
Thriller
87.1%
Thriller
87.1%
Thriller
87.1%
Thriller
87.1%
Thriller
87.1%
Bubbles
85.2%
Bubbles
85.2%
Bubbles
85.2%
Bubbles
85.2%
Bubbles
85.2%
Bubbles
85.2%
Bubbles
85.2%
Bubbles
85.2%
Bubbles
85.2%
Bubbles
85.2%
Michael Jackson
77.7%

You're not logged in!

Compare scores with friends on all Sporcle quizzes.
OR
Log In

Sporcle TV

Today on Sporcle TV


Watch our educational content, quiz creation guides, and fun videos on Sporcle TV.

Show Comments

Extras

Top Quizzes Today


Score Distribution

Your Account Isn't Verified!

In order to create a playlist on Sporcle, you need to verify the email address you used during registration. Go to your Sporcle Settings to finish the process.

Report this User

Report this user for behavior that violates our Community Guidelines.

Details: